Statistics for Name a capital of a valid North American country

Click here to take the quiz!

General Stats

  • This quiz has been taken 37 times
  • The average score is 11 of 15

Answer Stats

capital of North Americancapital% Correct
country with most national parksMexico
97%
richest countryWashington D.C.
97%
biggest countryOttawa
94%
country where 1914. construction of channel was overPanama
85%
country where pyramid La Danta was discoveredGuatemala
82%
country that was previous spanish colony and then occupied by US until it
gained independence in 1902.
Havana
79%
country with the highest concetration of churchesKingston
79%
country that is the safest in Central AmericaSan Jose
76%
country with the highest crime rateTegucigalpa
76%
country that is home to the largest lake in Central Americamanagua
71%
poorest countryPort au prince
71%
country that was second Caribbean country to gain independencesanto domingo
71%
country where grapefruit originatedbridgetown
56%
smallest countryBasseterre
53%
country that is the biggest natural deposit of asphalt in the worldPort of spain
41%

Score Distribution

Percentile by Number Answered

Percent of People with Each Score

Your Score History

You have not taken this quiz